NorthStar : listening and speaking, high intermediate (Record no. 33072)

MARC details
000 -LEADER
fixed length control field 00598nam a2200193Ia 4500
020 ## - INTERNATIONAL STANDARD BOOK NUMBER
ISBN 0-201-75572-6
050 ## - CALL MARK
Classification number PE 1128 .F46/
100 ## - STATEMENT OF RESPONSIBILITY--MAIN AUTHOR NAME
Personal name Ferree, Tess
245 #0 - TITLE STATEMENT
Title NorthStar : listening and speaking, high intermediate
250 ## - EDITION / VOLUME STATEMENT
Edition / Volume statement 2nd ed.
260 ## - PUBLICATION, DISTRIBUTION, ETC. (IMPRINT)
Place of publication White Plains
260 ## - PUBLICATION, DISTRIBUTION, ETC. (IMPRINT)
Name of publisher Longman
260 ## - PUBLICATION, DISTRIBUTION, ETC. (IMPRINT)
Year of publication 2003
300 ## - PHYSICAL DESCRIPTION
Number of Pages 253 p
650 ## - SUBJECT ADDED ENTRY--TOPICAL TERM
Topical Term English language_ Textbooks for foreign speakers English language_ Spoken English_ Problems, exercises, etc Listening_ Problems, exercises, etc...
942 ## - ADDED ENTRY ELEMENTS (KOHA)
Koha item type Books
Holdings
Withdrawn status Lost status Source of classification or shelving scheme Damaged status Not for loan Permanent Location Current Location Date acquired Accession Number Price effective from Koha item type
    Library of Congress Classification     NILE UNIVERSITY OF NIGERIA - MAIN LIBRARY NILE UNIVERSITY OF NIGERIA - MAIN LIBRARY 04/23/2025 0010695 04/23/2025 Books